000
00209 a2200109 4500
020
_a
0-7460-0508-3
041
_a
eng
100
_a
fowler,mark
245
_a
the emerald conspiracy
942
_c
BK
952
_7
1
999
_c
17873
_d
17873